| 000 | 00000nam 2200000zi 4500 |
| 001 | 9.934022 |
| 003 | CaOODSP |
| 005 | 20250124132151 |
| 006 | m o d f |
| 007 | cr |n||||||||| |
| 008 | 240216s1979 oncb o f000 0|eng d |
| 040 | |aCaOODSP|beng|erda|cCaOODSP |
| 043 | |an-cn---|aa-cc--- |
| 086 | 1 |aId37-23/1979E-PDF |
| 245 | 00|aReport on the Canadian hydroelectric power technology mission to the People's Republic of China, October 25 to November 7, 1979. |
| 246 | 34|aReport of the Canadian hydroelectric power technology mission to the People's Republic of China, October 25 to November 7, 1979 |
| 264 | 1|a[Ottawa] : |bGovernment of Canada, Industry, Trade and Commerce = Gouvernement du Canada, Industrie et commerce, |c[1979] |
| 300 | |a1 online resource (46 pages) : |bmap |
| 336 | |atext|btxt|2rdacontent |
| 337 | |acomputer|bc|2rdamedia |
| 338 | |aonline resource|bcr|2rdacarrier |
| 500 | |aDigitized edition from print [produced by Innovation, Science and Economic Development Canada]. |
| 650 | 0|aTrade missions. |
| 650 | 0|aHydroelectric power plants|zChina. |
| 650 | 0|aHydroelectric power plants|zCanada. |
| 650 | 6|aMissions commerciales. |
| 650 | 6|aCentrales hydroélectriques|zChine. |
| 650 | 6|aCentrales hydroélectriques|zCanada. |
| 710 | 1 |aCanada. |bDepartment of Industry, Trade and Commerce, |eissuing body. |
| 856 | 40|qPDF|s1.55 MB|uhttps://publications.gc.ca/collections/collection_2025/isde-ised/Id37-23-1979-eng.pdf |